Statistiche per Quiz sul Belgio

Clicka qui per fare il quiz!

Statistiche generali

  • Questo quiz è stato fatto 1.701 volte
  • Il punteggio medio è 14 su 25

Statistiche sulle risposte

DomandaRisposta% Corretto
Capitale e regione del BelgioBruxelles
98%
Lingue più parlateFrancese
96%
Nazioni confinantiFrancia
92%
Nazioni confinantiGermania
92%
Nazioni confinantiPaesi Bassi
92%
Nazioni confinantiLussemburgo
90%
Piccoli personaggi dei cartoni animati bluPuffi
87%
Qui fu sconfitto NapoleoneWaterloo
77%
Lingue più parlateOlandese
74%
Mare che bagna il BelgioMare del Nord
72%
La più grande colonia africana del Belgio (del passato)Congo belga
60%
Detective dei racconti di Agatha ChristieHercule Poirot
54%
Città che ha ospitato le olimpiadi nel 1920Anversa
53%
Regione del BelgioFiandre
53%
E' famosa quella prodotta dai monaci trappistiBirra
42%
Cibo cotto su doppie piastre roventi che gli conferiscono il caratteristico aspetto a grataWaffle
41%
Quello che i belgi mettono sulle patatineMaionese
39%
Regione del BelgioVallonia
39%
Città famosa per i suoi canaliBruges
38%
Attore noto come JCVDJean-Claude
Van Damme
34%
Giovane reporter dei cartoni animati protagonista di avventure in ogni parte del mondo insieme al suo cane MilùTintin
33%
Pittore di "questa non è una pipa"René Magritte
31%
Se mangi le Moules-frites, stai mangiando...Cozze
29%
Attuale sovranoFilippo
20%
Dipinse donne formosePeter Paul Rubens
11%

Distribuzione punteggi

Percentile per numero di risposta

Percentuale di utenti per punteggio

I tuoi punteggi nel tempo

Non hai fatto questo quiz